00302nam a2200097 4500082001200000100002800012245006900040260006500109300000800174650002200182 a553 SYM aSymposium on Mineral... aSymposium on mineral resources of sri lanka and its developments aMoratuwabdepartment of mining and mineral engineeringc1984 a92p aminaral resources